00460nam a2200133Ia 4500008004100000245010200041260004900143260000900192300001000201500000800211650001600219999001900235952007200254170224s9999 xx 000 0 und d 4aThe college journey and academic engagement: How metaphor use enhances identity-based motivation. bJournal of Personality and Social Psychology c2014 a106:5 aMay xPsychology. c316727d316727 001040aCLbCLd2017-02-24l0r2017-02-24 00:00:00w2017-02-24ySE